Dizionario folle del corpo /

Quanti di noi da bambini hanno cercato, magari di nascosto, le parole proibite nei libri, le parole dei grandi? Questo Dizionario stimola la scoperta del corpo, il suo immaginario, la sua conoscenza e la conoscenza di quello altrui. A volte divertenti, a volte serie, si scorrono le sue pagine piene...

Mô tả đầy đủ

Đã lưu trong:
Chi tiết về thư mục
Những tác giả chính: Couprie, Katy (Tác giả), Ruggeri, Alessandro, (1938- ) (Tác giả)
Tác giả khác: Piperno, Ilaria (Thông dịch viên)
Định dạng: Sách
Ngôn ngữ:Tiếng Italy
Được phát hành: Casalecchio di Reno (Bo) : Fatatrac, 2019
Những chủ đề:
Các nhãn: Thêm thẻ
Không có thẻ, Là người đầu tiên thẻ bản ghi này!

MARC

LEADER 00000nam a22000007i 4500
001 IT\ICCU\RMB\0804512
003 ItRI
005 20260115232146.0
008 191023s2019 it |||||| c |||||0|||||c
020 |a 9788882226435 
024 3 1 |a 9788882226701  |b ristampa 2020 
040 |b ita  |c importazione bologna sebina 
041 7 |a ita  |2 ISO-639-2 
082 |a 612.00222  |9 FISIOLOGIA UMANA. Immagini e illustrazioni connesse  |2 23 
082 |a 740.7445632  |9 GRAFICA E ARTI DECORATIVE. Musei collezioni esposizioni. Roma  |2 23 
100 1 |a Couprie, Katy  |0 IT\ICCU\TO0V\191608  |4 aut 
240 1 0 |a Dictionnaire fou du corps  |3 IT\ICCU\LO1\1778040  |9 Couprie, Katy 
245 1 0 |a Dizionario folle del corpo /  |c Katy Couprie ; con il contributo di Alessandro Ruggeri ; traduzione a cura di Ilaria Piperno. 
260 |a Casalecchio di Reno (Bo) :  |b Fatatrac,  |c 2019 
300 |a 243 p. :  |b ill ;  |c 26 cm 
500 |a Volume realizzato con il contributo dell'Azienda Speciale Palaexpo, in occasione della mostra tenuta a Roma nel 2019-2020. 
520 |a Quanti di noi da bambini hanno cercato, magari di nascosto, le parole proibite nei libri, le parole dei grandi? Questo Dizionario stimola la scoperta del corpo, il suo immaginario, la sua conoscenza e la conoscenza di quello altrui. A volte divertenti, a volte serie, si scorrono le sue pagine piene di immagini e parole sorprendenti. Ci si arricchisce, ci si diverte, s'impara 
650 7 |a Corpo umano  |x Dizionari  |x Libri per ragazzi 
700 1 |a Piperno, Ilaria  |0 IT\ICCU\RMLV\065282  |4 trl 
700 1 |a Ruggeri, Alessandro,  |d  (1938- )  |0 IT\ICCU\UBOV\198418  |4 aut 
942 |2 ddc  |c BK  |n 0 
952 |0 0  |1 0  |4 0  |6 DOC_612_000000000000000_COU  |7 0  |9 21122  |a BO  |b BO  |d 2026-01-15  |i 19832  |l 0  |o DOC 612 COU  |p BO19832  |r 2026-01-15 23:21:46  |w 2026-01-15  |x [Sebina 7] [1 v.]  |y BK  |z 1 v. 
999 |c 18049  |d 18049